Cycling 2023 Top 10 of Monuments - Statistics

General Stats
  • This quiz has been taken 1,010 times
  • The average score is 24 of 50
Answer Stats
Race Rank Rider % Correct
Milano - Sanremo 4 Tadej Pogacar
99%
Tour of Flanders 1 Tadej Pogacar
99%
Il Lombardia 1 Tadej Pogacar
99%
Milano - Sanremo 1 Mathieu Van der Poel
97%
Tour of Flanders 2 Mathieu Van der Poel
97%
Paris - Roubaix 1 Mathieu Van der Poel
97%
Milano - Sanremo 3 Wout Van Aert
97%
Tour of Flanders 4 Wout Van Aert
97%
Paris - Roubaix 3 Wout Van Aert
97%
Liège - Bastogne - Liège 1 Remco Evenepoel
90%
Il Lombardia 9 Remco Evenepoel
90%
Paris - Roubaix 2 Jasper Philipsen
80%
Milano - Sanremo 6 Mads Pedersen
75%
Tour of Flanders 3 Mads Pedersen
75%
Paris - Roubaix 4 Mads Pedersen
75%
Il Lombardia 3 Primoz Roglic
72%
Milano - Sanremo 2 Filippo Ganna
65%
Paris - Roubaix 6 Filippo Ganna
65%
Liège - Bastogne - Liège 2 Thomas Pidcock
63%
Milano - Sanremo 8 Matej Mohoric
50%
Milano - Sanremo 10 Jasper Stuyven
43%
Tour of Flanders 6 Stefan Küng
43%
Paris - Roubaix 5 Stefan Küng
43%
Paris - Roubaix 10 Christophe Laporte
40%
Il Lombardia 6 Adam Yates
39%
Il Lombardia 5 Simon Yates
39%
Tour of Flanders 7 Kasper Asgreen
33%
Il Lombardia 8 Richard Carapaz
32%
Liège - Bastogne - Liège 7 Tisej Benoot
29%
Paris - Roubaix 7 John Degenkolb
28%
Liège - Bastogne - Liège 4 Ben Healy
27%
Liège - Bastogne - Liège 5 Valentin Madouas
27%
Liège - Bastogne - Liège 10 Marc Hirschi
26%
Tour of Flanders 9 Matteo Jorgenson
25%
Liège - Bastogne - Liège 9 Mattias Skjelmose
24%
Il Lombardia 4 Aleksandr Vlasov
22%
Il Lombardia 2 Andrea Bagioli
22%
Liège - Bastogne - Liège 6 Guillaume Martin
22%
Liège - Bastogne - Liège 3 Santiago Buitrago
21%
Milano - Sanremo 7 Neilson Powless
20%
Tour of Flanders 5 Neilson Powless
20%
Il Lombardia 7 Carlos Rodriguez
18%
Milano - Sanremo 5 Soren Kragh Andersen
18%
Milano - Sanremo 9 Anthony Turgis
14%
Tour of Flanders 10 Matteo Trentin
13%
Paris - Roubaix 9 Laurenz Rex
11%
Il Lombardia 10 Andreas Kron
8%
Tour of Flanders 8 Fred Wright
8%
Paris - Roubaix 8 Max Walscheid
5%
Liège - Bastogne - Liège 8 Patrick Konrad
5%
No matching quizzes found
Score Distribution
Percent of People with Each Score
Percentile by Number Answered
Your Score History
You have not taken this quiz